000 00765nam a2200229Ia 4500
001 626
003 GE_BSU
008 181216s||||||||xx |||||||||||||| ||und||
040 _cGE_BSU
100 _aკუჭუხიძე,ალ.
245 _aტრანსპორტის ეკონომიკა
245 _bსახელმძღვანელო პოლიტექნიკური ინ–ტის სტუდ.
260 _aთბილისი
260 _bგანათლება
260 _c1970
300 _a320გვ.
541 _h7ლ.
653 _aეკონომიკა
653 _aტრანსპორტი
653 _aტრანსპორტის ეკონომიკა
942 _cBK
999 _c34815
_d34815